Normal view
MARC view
- Das K
Entry Personal Name
001 - CONTROL NUMBER
- control field: 114451
003 - CONTROL NUMBER IDENTIFIER
- control field: OSt
005 - DATE AND TIME OF LATEST TRANSACTION
- control field: 20230125044717.0
008 - FIXED-LENGTH DATA ELEMENTS
- fixed length control field: 230125|| aca||aabn | a|a d
040 ## - CATALOGING SOURCE
- Original cataloging agency: OSt
- Transcribing agency: OSt
100 ## - HEADING--PERSONAL NAME
- Personal name: Das K
670 ## - SOURCE DATA FOUND
- Source citation: Work cat.: (OSt)91862: Das K, H-CRM, 2004